Loading...
| History - European | 0 | 7 | 1 | 0 | 65 | 25 | 41.71 | 2 | 6 | 0.00 | 0.00 |
| History - American | 0 | 5 | 0 | 0 | 50 | 20 | 34.80 | 3 | 5 | 0.00 | 0.00 |
| Literature - World | 0 | 3 | 0 | 2 | 30 | 82 | 94.33 | 0 | 0 | 0.00 | 0.00 |
| Current Events | 0 | 3 | 0 | 0 | 30 | 45 | 68.67 | 1 | 2 | 0.00 | 0.00 |
| History - Other | 0 | 3 | 0 | 0 | 30 | 60 | 74.00 | 1 | 3 | 0.00 | 0.00 |
| Literature - American | 0 | 3 | 0 | 0 | 30 | 33 | 50.67 | 0 | 2 | 0.00 | 0.00 |
| Religion | 0 | 3 | 0 | 0 | 30 | 32 | 43.00 | 1 | 2 | 0.00 | 0.00 |
| Popular Culture | 0 | 3 | 0 | 1 | 30 | 16 | 34.00 | 2 | 3 | 0.00 | 0.00 |
| History - World | 0 | 3 | 1 | 0 | 25 | 41 | 58.33 | 0 | 3 | 0.00 | 0.00 |
| Mythology | 0 | 2 | 0 | 0 | 20 | 68 | 72.00 | 0 | 2 | 0.00 | 0.00 |
| Fine Arts - Other | 0 | 2 | 0 | 0 | 20 | 77 | 101.00 | 0 | 1 | 0.00 | 0.00 |
| Geography | 0 | 2 | 0 | 0 | 20 | 66 | 73.00 | 0 | 2 | 0.00 | 0.00 |
| Philosophy | 0 | 2 | 1 | 0 | 15 | 49 | 64.00 | 0 | 1 | 0.00 | 0.00 |
| Social Science | 0 | 1 | 0 | 0 | 10 | 75 | 75.00 | 0 | 1 | 0.00 | 0.00 |
| Fine Arts - Classical Music | 0 | 1 | 0 | 0 | 10 | 102 | 102.00 | 0 | 0 | 0.00 | 0.00 |
| Literature - British | 0 | 1 | 0 | 0 | 10 | 76 | 76.00 | 0 | 0 | 0.00 | 0.00 |
| Literature - European | 0 | 1 | 0 | 0 | 10 | 82 | 82.00 | 1 | 1 | 0.00 | 0.00 |
| Science - Physics | 0 | 0 | 0 | 0 | 0 | 0.00 | 0 | 0 | 0.00 | 0.00 |